[Event "OLNN 1718 SV Bargteheide - Johanneum Ep"]
[Site "?"]
[Date "2018.02.04"]
[Round "6.7"]
[White "Killgus, Leonard"]
[Black "Peterwitz, Klaus"]
[Result "1/2-1/2"]
[WhiteElo "1953"]
[BlackElo "2077"]
[PlyCount "137"]
[EventDate "2018.??.??"]

1. e4 d5 2. exd5 Qxd5 3. Nc3 Qa5 4. d4 c6 5. Nf3 Nf6 6. Ne5 Be6 7. Be2 Nbd7 8.
Nc4 Bxc4 9. Bxc4 e6 10. O-O Bd6 11. Be2 O-O 12. Bf3 Rad8 13. Ne4 Nxe4 14. Bxe4
Nf6 15. Bd3 Qb6 16. c3 c5 17. dxc5 Bxc5 18. Qe2 h6 19. Bf4 Bd6 20. Be3 Qc7 21.
g3 a6 22. a4 Qc6 23. Rfc1 Nd7 24. Qc2 Ne5 25. Be4 Qc7 26. b3 Rd7 27. Qe2 f5 28.
Bg2 Ng4 29. a5 Nxe3 30. Qxe3 e5 31. Rd1 e4 32. b4 Rff7 33. f4 exf3 34. Bxf3 f4
35. Qe8+ Rf8 36. Qe6+ Kh8 37. g4 Rf6 38. Qe8+ Rf8 39. Qe6 Re7 40. Qd5 Rf6 41.
Rd3 Be5 42. Qd8+ Qxd8 43. Rxd8+ Kh7 44. Rc1 Bc7 45. Rd5 b6 46. axb6 Rxb6 47. h4
g6 48. Rcd1 Kg7 49. Rd7 Kf8 50. Rxe7 Kxe7 51. Kf1 Be5 52. Rd3 Bf6 53. h5 gxh5
54. gxh5 Re6 55. Bg4 Rc6 56. Bf3 Rc7 57. Rd5 Bxc3 58. Ra5 Ra7 59. Be2 Bxb4 60.
Rxa6 Rxa6 61. Bxa6 Kf6 62. Kg2 Kg5 63. Be2 Bd6 64. Kh3 Kf5 65. Bf3 Ke5 66. Bc6
Kd4 67. Kg4 Kc3 68. Bb7 Bc7 69. Bc6 1/2-1/2

[Event "OLNN 1718 SV Bargteheide - Johanneum Ep"]
[Site "?"]
[Date "2018.02.04"]
[Round "6.8"]
[White "Thanisch, Matthias"]
[Black "Keyser, Philipp"]
[Result "0-1"]
[WhiteElo "2033"]
[BlackElo "2048"]
[PlyCount "104"]
[EventDate "2018.??.??"]

1. d4 Nf6 2. g3 e6 3. Nf3 d5 4. Bg2 Be7 5. O-O O-O 6. Nbd2 b6 7. c4 Nbd7 8. Qc2
Bb7 9. b3 c5 10. dxc5 bxc5 11. Rd1 Rc8 12. e3 Qc7 13. Bb2 Rfd8 14. h4 Qb8 15.
cxd5 exd5 16. Qf5 Nf8 17. h5 Ne6 18. Rac1 d4 19. exd4 cxd4 20. Rxc8 Qxc8 21.
Ne1 Bxg2 22. Nxg2 Rd5 23. Qf3 Qc2 24. Nc4 Rf5 25. Qa8+ Bf8 26. Rf1 Ng4 27. f3
Ne5 28. Nxe5 Rxe5 29. Ba3 Qxa2 30. Bxf8 Nxf8 31. Nf4 Qxb3 32. Qxa7 Qe3+ 33. Kg2
g5 34. hxg6 Nxg6 35. Nxg6 hxg6 36. Rf2 Kg7 37. Qa2 d3 38. Qb2 Kh7 39. Qa2 Re7
40. Qd2 Qd4 41. g4 Rc7 42. Qd1 Qe3 43. Qb3 Rd7 44. Qd1 d2 45. Rf1 Rd3 46. Rf2
Qe1 47. Rf1 Re3 48. Rh1+ Kg8 49. Kh3 Qxh1+ 50. Qxh1 Re1 51. Qh2 d1=Q 52. Qb8+
Kh7 0-1

[Event "OLNN 1718 Schachfreunde Schwerin - Pree"]
[Site "?"]
[Date "2018.02.04"]
[Round "6.1"]
[White "Pedersen, Steffen"]
[Black "Kesten, Sebastian"]
[Result "1/2-1/2"]
[WhiteElo "2354"]
[BlackElo "2288"]
[PlyCount "30"]
[EventDate "2018.??.??"]

1. d4 Nf6 2. Nf3 c5 3. d5 e6 4. c4 exd5 5. cxd5 d6 6. Nc3 g6 7. Nd2 Bg7 8. e4
O-O 9. Be2 Na6 10. O-O Nc7 11. a4 b6 12. Nc4 Ba6 13. Bf4 Bxc4 14. Bxc4 Re8 15.
Qc2 a6 1/2-1/2

[Event "OLNN 1718 Schachfreunde Schwerin - Pree"]
[Site "?"]
[Date "2018.02.04"]
[Round "6.2"]
[White "Schulz, Karsten"]
[Black "Schwarz, Frank"]
[Result "0-1"]
[WhiteElo "2258"]
[BlackElo "2249"]
[PlyCount "94"]
[EventDate "2018.??.??"]

1. Nf3 Nf6 2. g3 d5 3. Bg2 c6 4. O-O Bf5 5. d3 e6 6. c4 h6 7. cxd5 exd5 8. Nc3
Be7 9. Nd4 Bh7 10. e4 O-O 11. h3 Na6 12. Kh2 Re8 13. f4 Bc5 14. Nf5 Bxf5 15.
exf5 Qd7 16. g4 Nh7 17. a3 Bd4 18. Rf3 Re7 19. Bd2 Rae8 20. Qf1 Qd6 21. Kh1 Nc5
22. Be1 Nb3 23. Rd1 b5 24. Bh4 Bf6 25. Bg3 Qd7 26. Bf2 Nd4 27. Bxd4 Bxd4 28.
Rg3 Qd6 29. h4 Re3 30. Rxe3 Rxe3 31. Re1 Nf6 32. Rxe3 Bxe3 33. Qf3 Bxf4 34. Ne2
Bd2 35. Ng1 Qe5 36. b3 Qe1 37. h5 Be3 38. Bf1 Nxg4 39. Ne2 Qh4+ 40. Bh3 Nf2+
41. Kg2 Qg5+ 42. Ng3 Nxd3 43. Kf1 Ne5 44. Qg2 Qf4+ 45. Ke2 Qd4 46. Nf1 Bg5 47.
Qg3 Qb2+ 0-1

[Event "OLNN 1718 Schachfreunde Schwerin - Pree"]
[Site "?"]
[Date "2018.02.04"]
[Round "6.3"]
[White "Junge, Kai"]
[Black "de Jong, Migchiel"]
[Result "0-1"]
[WhiteElo "2225"]
[BlackElo "2348"]
[PlyCount "80"]
[EventDate "2018.??.??"]

1. Nf3 c5 2. g3 Nc6 3. Bg2 e5 4. d3 d5 5. O-O f6 6. c4 d4 7. Na3 Nge7 8. Bd2
Be6 9. Rb1 Ng6 10. Nc2 a5 11. Na3 Be7 12. b3 O-O 13. h4 Qd7 14. Nb5 f5 15. h5
Nh8 16. h6 g6 17. Ng5 Bxg5 18. Bxg5 Nf7 19. Qd2 f4 20. gxf4 Bh3 21. f3 Nxg5 22.
fxg5 Rf4 23. Rf2 Raf8 24. Bxh3 Qxh3 25. Rh2 Qd7 26. Rf1 Qd8 27. Rg2 R8f5 28. e3
Rxf3 29. Rxf3 Rxf3 30. Qe2 Rf5 31. exd4 Nxd4 32. Nxd4 Qxd4+ 33. Kh2 Qh4+ 34.
Kg1 Rxg5 35. Rxg5 Qxg5+ 36. Kf1 Qf4+ 37. Kg2 Kf7 38. Kg1 Kf6 39. Kg2 Qg5+ 40.
Kf1 Qxh6 0-1

[Event "OLNN 1718 Schachfreunde Schwerin - Pree"]
[Site "?"]
[Date "2018.02.04"]
[Round "6.4"]
[White "Wolf, Christoph"]
[Black "Schwarzat, Julian"]
[Result "1/2-1/2"]
[WhiteElo "2194"]
[BlackElo "2103"]
[PlyCount "103"]
[EventDate "2018.??.??"]

1. e4 e6 2. d4 d5 3. Nc3 Be7 4. Bd3 dxe4 5. Bxe4 Nf6 6. Bf3 c5 7. Nge2 O-O 8.
Be3 cxd4 9. Nxd4 a6 10. Qe2 e5 11. Nb3 Nc6 12. Bxc6 bxc6 13. O-O Qc7 14. Bc5
Re8 15. Rfe1 Bxc5 16. Nxc5 Nd5 17. Qf3 Bd7 18. N3e4 Rad8 19. Rad1 Bc8 20. Qb3
Nf4 21. Qc4 a5 22. c3 h6 23. a4 Kh8 24. b4 f5 25. Ng3 Rxd1 26. Rxd1 Rd8 27. Re1
axb4 28. cxb4 Rd4 29. Qb3 Nd5 30. b5 Qd6 31. Rc1 cxb5 32. Qxb5 Kh7 33. h3 Nf4
34. Qf1 Be6 35. Nxe6 Qxe6 36. Ra1 Qc6 37. a5 Ra4 38. Rxa4 Qxa4 39. Nxf5 Qxa5
40. Qb1 Qa8 41. Ne3+ g6 42. Qb5 Qe4 43. Qd7+ Kg8 44. Kh2 g5 45. Qg4 Qg6 46.
Qc8+ Kh7 47. Nf5 Qf7 48. Ne3 Ne6 49. Ng4 h5 50. Qc2+ Kg7 51. Ne3 Nd4 52. Qe4
1/2-1/2

[Event "OLNN 1718 Schachfreunde Schwerin - Pree"]
[Site "?"]
[Date "2018.02.04"]
[Round "6.5"]
[White "Willsch, Matthias"]
[Black "Reichmann, Hendrik"]
[Result "1/2-1/2"]
[WhiteElo "2266"]
[BlackElo "2331"]
[PlyCount "35"]
[EventDate "2018.??.??"]

1. d4 g6 2. c4 Bg7 3. Nc3 d6 4. e4 e5 5. dxe5 dxe5 6. Qxd8+ Kxd8 7. Be3 Be6 8.
O-O-O+ Nd7 9. g3 Bh6 10. Bxh6 Nxh6 11. f3 c6 12. Bh3 Bxh3 13. Nxh3 Ke7 14. Rd2
Rad8 15. Rhd1 f6 16. Nf2 Nc5 17. Rxd8 Rxd8 18. Rxd8 1/2-1/2

[Event "OLNN 1718 Schachfreunde Schwerin - Pree"]
[Site "?"]
[Date "2018.02.04"]
[Round "6.6"]
[White "Rittemann, Steffen"]
[Black "Schuette, Andreas"]
[Result "1/2-1/2"]
[WhiteElo "2163"]
[BlackElo "2147"]
[PlyCount "123"]
[EventDate "2018.??.??"]

1. e4 d5 2. exd5 Qxd5 3. Nc3 Qd6 4. d4 Nf6 5. Nf3 Nc6 6. Nb5 Qd8 7. Bf4 Nd5 8.
Bg3 a6 9. Nc3 Bg4 10. Be2 e6 11. O-O Be7 12. h3 Bh5 13. Nxd5 exd5 14. c3 O-O
15. Re1 Bd6 16. Ne5 Bxe2 17. Qxe2 Ne7 18. Qf3 c6 19. Re2 Ng6 20. Rae1 Bxe5 21.
Bxe5 Qd7 22. Bg3 Rfe8 23. h4 Nf8 24. h5 h6 25. Be5 f6 26. Bf4 Kf7 27. Kf1 Rxe2
28. Qxe2 Nh7 29. Qd3 Nf8 30. f3 Rc8 31. g4 Re8 32. Kf2 Rc8 33. Re2 Rd8 34. Ke1
Ra8 35. Kd1 Rc8 36. Kc2 Ra8 37. Bc1 Rc8 38. Kb1 Ra8 39. a3 Rc8 40. Qd1 Ra8 41.
Ka2 Re8 42. Qe1 Rxe2 43. Qxe2 Qe6 44. Qd1 Kg8 45. Bf4 Kf7 46. Qd3 Kg8 47. Kb3
Nd7 48. Qg6 Nf8 49. Qd3 Nd7 50. Ka2 Nf8 51. Qd1 Kf7 52. Qb3 Qd7 53. Qc2 Qe6 54.
a4 Kg8 55. Bb8 Nd7 56. Ba7 Nf8 57. Bc5 Nd7 58. Ba3 Nf8 59. a5 Nh7 60. Qg6 Ng5
61. Qd3 Nh7 62. Qg6 1/2-1/2

[Event "OLNN 1718 Schachfreunde Schwerin - Pree"]
[Site "?"]
[Date "2018.02.04"]
[Round "6.7"]
[White "Hamann, Carsten"]
[Black "Grahl, Arvid"]
[Result "1-0"]
[WhiteElo "2119"]
[BlackElo "2209"]
[PlyCount "63"]
[EventDate "2018.??.??"]

1. e4 d6 2. d4 Nf6 3. Nc3 g6 4. Bc4 Bg7 5. Qe2 Nc6 6. e5 Ng4 7. Bb5 O-O 8. Bxc6
bxc6 9. h3 Nh6 10. Nf3 c5 11. dxc5 Bb7 12. Bf4 Bxf3 13. gxf3 dxe5 14. Bxe5 f6
15. Qc4+ Kh8 16. Bf4 e5 17. Bd2 Nf5 18. O-O-O Qd4 19. Qxd4 Nxd4 20. Be3 Nxf3
21. c6 a6 22. Rd7 f5 23. Nd5 e4 24. Nxc7 Rab8 25. Rxg7 Kxg7 26. Ne6+ Kf7 27.
Nxf8 Rxf8 28. c7 Ne5 29. Rd1 Rc8 30. Bf4 Ke6 31. Rd8 Rxc7 32. Re8+ 1-0

[Event "OLNN 1718 Schachfreunde Schwerin - Pree"]
[Site "?"]
[Date "2018.02.04"]
[Round "6.8"]
[White "Heinsohn, Wilfried"]
[Black "Dittmann, Hans-Adolf"]
[Result "1-0"]
[WhiteElo "2174"]
[BlackElo "2079"]
[PlyCount "49"]
[EventDate "2018.??.??"]

1. e4 c5 2. Nc3 Nc6 3. Bb5 Nd4 4. Bc4 g6 5. d3 Bg7 6. f4 e6 7. Nf3 Ne7 8. O-O
O-O 9. Nxd4 cxd4 10. Ne2 d5 11. Bb3 a5 12. a4 dxe4 13. dxe4 b6 14. Ng3 Ba6 15.
Re1 Rc8 16. f5 exf5 17. Bg5 Qd6 18. exf5 Nc6 19. Ne4 Qc7 20. f6 Bh8 21. Bh6
Rfe8 22. Ng5 Rxe1+ 23. Qxe1 Bxf6 24. Nxf7 Bg7 25. Nd8+ 1-0

[Event "OLNN 1718 Königsspringer HH - Lübecker"]
[Site "?"]
[Date "2018.02.04"]
[Round "6.1"]
[White "Kreuzholz, Michael"]
[Black "Pfreundt, Jakob"]
[Result "0-1"]
[WhiteElo "2339"]
[BlackElo "2386"]
[PlyCount "80"]
[EventDate "2018.??.??"]

1. e4 e5 2. Nf3 Nc6 3. d4 exd4 4. Nxd4 Nf6 5. Nxc6 bxc6 6. e5 Qe7 7. Qe2 Nd5 8.
c4 Ba6 9. Nd2 g6 10. Nf3 Qb4+ 11. Kd1 Bg7 12. Qc2 Nb6 13. Qb3 Qe7 14. Bg5 Qe6
15. Rc1 O-O 16. c5 Bxf1 17. Qxe6 fxe6 18. Rxf1 Nd5 19. Rc4 Rab8 20. b3 Rb4 21.
Rxb4 Nxb4 22. Ke2 Nd5 23. Rc1 h6 24. Bd2 Rb8 25. Rc4 Kf7 26. Kd3 Ke7 27. Ra4
Ra8 28. h4 Ke8 29. Ke4 Bf8 30. b4 Kf7 31. g4 Ne7 32. Ra3 Nd5 33. Nd4 Be7 34.
Rh3 a5 35. Ra3 Rb8 36. bxa5 Rb2 37. Bc1 Rb1 38. Nb3 Nc3+ 39. Kd3 Nb5 40. Kc2
Rxc1+ 0-1

[Event "OLNN 1718 Königsspringer HH - Lübecker"]
[Site "?"]
[Date "2018.02.04"]
[Round "6.2"]
[White "Zimmermann, Julian"]
[Black "Riess, Alexander"]
[Result "1/2-1/2"]
[WhiteElo "2333"]
[BlackElo "2305"]
[PlyCount "38"]
[EventDate "2018.??.??"]

1. e4 e6 2. d4 d5 3. Nd2 dxe4 4. Nxe4 Nd7 5. g3 b6 6. Bg2 Rb8 7. Qe2 Bb7 8. Nf3
Ngf6 9. Nxf6+ Qxf6 10. Be3 Bb4+ 11. c3 Bd6 12. O-O O-O 13. Ng5 Bxg2 14. Kxg2
Qg6 15. Rac1 e5 16. Qc2 Qh5 17. Qd1 Qg6 18. Qc2 Qh5 19. Qd1 Qg6 1/2-1/2

[Event "OLNN 1718 Königsspringer HH - Lübecker"]
[Site "?"]
[Date "2018.02.04"]
[Round "6.3"]
[White "Kololli, Martin"]
[Black "Rosmann, Ilja"]
[Result "1-0"]
[WhiteElo "2297"]
[BlackElo "2318"]
[PlyCount "65"]
[EventDate "2018.??.??"]

1. e4 e6 2. d4 d5 3. Nd2 a6 4. Ngf3 c5 5. c3 Nc6 6. Bd3 cxd4 7. cxd4 dxe4 8.
Nxe4 Bb4+ 9. Nc3 Nf6 10. O-O h6 11. Bc2 O-O 12. a3 Be7 13. Qd3 Re8 14. Re1 Bf8
15. Bf4 g6 16. Bb3 Bg7 17. Rad1 Ne7 18. Ne5 Nfd5 19. Bc1 Rf8 20. Qh3 Nf5 21.
Bc2 Nxc3 22. bxc3 h5 23. Qf3 Qa5 24. h3 Nd6 25. c4 Nf5 26. Bb2 Qc7 27. Qb3 b5
28. cxb5 axb5 29. Bxf5 exf5 30. Nxg6 Rd8 31. Ne7+ Kf8 32. d5 Bd7 33. d6 1-0

[Event "OLNN 1718 Königsspringer HH - Lübecker"]
[Site "?"]
[Date "2018.02.04"]
[Round "6.4"]
[White "Schmidt, Jan-Peter"]
[Black "Schmidt, Harald"]
[Result "0-1"]
[WhiteElo "2246"]
[BlackElo "2359"]
[PlyCount "76"]
[EventDate "2018.??.??"]

1. Nf3 c5 2. c4 Nc6 3. Nc3 g6 4. e3 d6 5. d4 Bg4 6. Be2 Bg7 7. O-O Nf6 8. d5
Na5 9. e4 Nd7 10. Be3 O-O 11. Nd2 Bxe2 12. Qxe2 a6 13. Rab1 Re8 14. Rfc1 e6 15.
a3 exd5 16. cxd5 b5 17. b4 Nb7 18. a4 cxb4 19. Rxb4 Rc8 20. Na2 Rxc1+ 21. Nxc1
Qa5 22. Na2 Nbc5 23. Qd1 Nxa4 24. Nb3 Qc7 25. Nd4 Nac5 26. f3 Ne5 27. Rb1 Qe7
28. Nb4 Nc4 29. Bf2 Qg5 30. Nbc2 h5 31. Ne2 h4 32. h3 Qe7 33. Ncd4 Bh6 34. Nc6
Qf6 35. Ra1 Be3 36. Bxe3 Nxe3 37. Qd4 Qg5 38. g4 Nc2 0-1

[Event "OLNN 1718 Königsspringer HH - Lübecker"]
[Site "?"]
[Date "2018.02.04"]
[Round "6.5"]
[White "Christ, Ralf"]
[Black "Dettmann, Steffen"]
[Result "1/2-1/2"]
[WhiteElo "2264"]
[BlackElo "2204"]
[PlyCount "106"]
[EventDate "2018.??.??"]

1. Nf3 d5 2. d4 Nf6 3. c4 e6 4. Nc3 Be7 5. Bg5 h6 6. Bh4 O-O 7. e3 Ne4 8. Bxe7
Qxe7 9. Rc1 Nxc3 10. Rxc3 c6 11. Bd3 dxc4 12. Bxc4 b6 13. O-O Bb7 14. Qe2 Rc8
15. Rfc1 Rc7 16. Ne5 Nd7 17. Nxd7 Qxd7 18. Bd3 Qd5 19. Bc4 Qd6 20. Bb3 Rac8 21.
Rd1 Qe7 22. Bc2 c5 23. dxc5 Rxc5 24. Rxc5 Qxc5 25. Bb3 b5 26. Qd2 Qg5 27. f4
Qg6 28. h3 Qe4 29. Rf1 g6 30. Kh2 a5 31. Rf2 a4 32. Bd1 Qd5 33. Bf3 Qxd2 34.
Rxd2 Bxf3 35. gxf3 Rc1 36. Kg3 Rg1+ 37. Kf2 Rh1 38. Kg3 Ra1 39. Rd8+ Kg7 40.
Rb8 Rg1+ 41. Kf2 Rb1 42. Rxb5 a3 43. b4 Rb2+ 44. Kg3 Rxa2 45. Ra5 Ra1 46. b5 a2
47. Kf2 Rb1 48. Rxa2 Rxb5 49. e4 Rb1 50. Ra5 h5 51. h4 Rb2+ 52. Kg3 Rb7 53. f5
exf5 1/2-1/2

[Event "OLNN 1718 Königsspringer HH - Lübecker"]
[Site "?"]
[Date "2018.02.04"]
[Round "6.6"]
[White "Borgmeyer, Max"]
[Black "Lampe, Dirk"]
[Result "0-1"]
[WhiteElo "2218"]
[BlackElo "2201"]
[PlyCount "84"]
[EventDate "2018.??.??"]

1. e4 c5 2. Nf3 g6 3. d4 cxd4 4. Nxd4 Bg7 5. Be3 Nf6 6. Nc3 Nc6 7. Be2 O-O 8.
O-O d5 9. exd5 Nxd5 10. Nxd5 Nxd4 11. Bxd4 Qxd5 12. Bxg7 Qxd1 13. Rfxd1 Kxg7
14. Rd2 Be6 15. b3 Rac8 16. c4 Rfd8 17. Rad1 Rxd2 18. Rxd2 Kf6 19. f4 h6 20.
Kf2 g5 21. Ke3 b6 22. g4 gxf4+ 23. Kxf4 Rg8 24. h3 h5 25. gxh5 Rg2 26. Kf3 Rh2
27. Kg3 Rxh3+ 28. Kg2 Bf5 29. Bf3 e5 30. Rf2 Rh4 31. Kg3 Kg5 32. Be2 Rh3+ 33.
Kg2 Re3 34. Kf1 Bh3+ 35. Kg1 f5 36. Rh2 Kh6 37. Kf2 f4 38. Rh1 Bf5 39. Rd1
Rxe2+ 40. Kxe2 Bg4+ 41. Ke1 Bxd1 42. Kxd1 Kxh5 0-1

[Event "OLNN 1718 Königsspringer HH - Lübecker"]
[Site "?"]
[Date "2018.02.04"]
[Round "6.7"]
[White "Ehrke, Michael"]
[Black "Harder, Clemens"]
[Result "1/2-1/2"]
[WhiteElo "2204"]
[BlackElo "2187"]
[PlyCount "71"]
[EventDate "2018.??.??"]

1. d4 d5 2. Bf4 Nf6 3. e3 Bf5 4. c4 c6 5. Nc3 e6 6. Qb3 Qc8 7. Rc1 Nbd7 8. cxd5
Nxd5 9. Bg3 Nxc3 10. bxc3 Be7 11. Nf3 O-O 12. Be2 h6 13. O-O Nf6 14. h3 Ne4 15.
Bh2 Bd6 16. Bxd6 Nxd6 17. Rfd1 Rd8 18. c4 c5 19. dxc5 Qxc5 20. Nd4 Be4 21. a3
Rac8 22. Qb4 b6 23. Qxc5 bxc5 24. Nb5 Nxb5 25. Rxd8+ Rxd8 26. cxb5 Rd2 27. Bf3
Bxf3 28. gxf3 Ra2 29. Rxc5 Rxa3 30. Rc8+ Kh7 31. Rc7 Kg6 32. f4 Ra5 33. Rb7 a6
34. bxa6 Rxa6 35. Kg2 f5 36. Kg3 {(=)} 1/2-1/2

[Event "OLNN 1718 Hamburger SK III - SK Marmsto"]
[Site "?"]
[Date "2018.02.04"]
[Round "6.3"]
[White "Ramme, Christoph"]
[Black "Lindinger, Markus"]
[Result "0-1"]
[WhiteElo "2160"]
[BlackElo "2239"]
[PlyCount "80"]
[EventDate "2018.??.??"]

1. e4 c5 2. Nf3 d6 3. c3 Nf6 4. Be2 Nbd7 5. d3 b6 6. Nbd2 Bb7 7. O-O g6 8. Re1
Bg7 9. Bf1 Ne5 10. d4 Nxf3+ 11. Qxf3 O-O 12. Qd1 cxd4 13. cxd4 Rc8 14. Bd3 Rc7
15. Nf3 Qa8 16. Qe2 Rfc8 17. Bd2 Nh5 18. a4 Bc6 19. h3 Qb8 20. Bg5 h6 21. Be3
e5 22. Qd2 g5 23. d5 Bd7 24. Qb4 Rd8 25. Rec1 Nf4 26. Ba6 b5 27. Rxc7 Qxc7 28.
Bxb5 Rb8 29. Qd2 Bxb5 30. axb5 Rxb5 31. Rxa7 Qc4 32. Ra5 Rb3 33. Ra8+ Kh7 34.
Rd8 Qxe4 35. Rxd6 Rd3 36. Qa5 Rd1+ 37. Kh2 Qb1 38. Qb5 Rh1+ 39. Kg3 Qf5 40. Qc4
Nh5# 0-1

[Event "OLNN 1718 Hamburger SK III - SK Marmsto"]
[Site "?"]
[Date "2018.02.04"]
[Round "6.4"]
[White "Zieher, Hartmut"]
[Black "Mueller, Jan Hendrik"]
[Result "1-0"]
[WhiteElo "2223"]
[BlackElo "2124"]
[PlyCount "83"]
[EventDate "2018.??.??"]

1. e4 e6 2. d4 d5 3. Nd2 c5 4. Ngf3 cxd4 5. exd5 Qxd5 6. Bc4 Qd6 7. O-O Nf6 8.
Nb3 Nc6 9. Nbxd4 Nxd4 10. Nxd4 a6 11. Re1 Qc7 12. Bb3 Bd6 13. h3 O-O 14. c3 b6
15. Bg5 Bb7 16. Bc2 Qc5 17. Bxf6 gxf6 18. Be4 Bxe4 19. Rxe4 f5 20. Re3 Rad8 21.
Qe2 Qc8 22. Rd1 Kh8 23. Red3 Bb8 24. Nf3 Bc7 25. Ne5 Rxd3 26. Rxd3 f6 27. Nf3
Kg7 28. g3 Rd8 29. Kf1 Rxd3 30. Qxd3 b5 31. Ke2 f4 32. g4 Qd8 33. Nd4 Qd6 34.
Qe4 Qe5 35. Nxe6+ Kf7 36. Qxe5 Bxe5 37. Nc5 a5 38. Kf3 f5 39. gxf5 a4 40. Nd3
Bf6 41. a3 Bh4 42. Kxf4 1-0

[Event "OLNN 1718 Hamburger SK III - SK Marmsto"]
[Site "?"]
[Date "2018.02.04"]
[Round "6.5"]
[White "Hohlbein, Michael"]
[Black "Schumacher, Norbert"]
[Result "0-1"]
[WhiteElo "2093"]
[BlackElo "2152"]
[PlyCount "74"]
[EventDate "2018.??.??"]

1. e4 c5 2. Nc3 d6 3. g3 Nc6 4. Bg2 g6 5. d3 Bg7 6. f4 e6 7. Nf3 Nge7 8. O-O
O-O 9. Be3 Nd4 10. e5 dxe5 11. fxe5 Nef5 12. Bf2 Nxf3+ 13. Qxf3 Bxe5 14. Ne4
Rb8 15. Bxc5 Bxb2 16. Bxf8 Bxa1 17. Bd6 Bd4+ 18. Kh1 Nxd6 19. Nxd6 f5 20. Nc4
Qc7 21. g4 b5 22. Ne3 Bb7 23. Qe2 f4 24. Nd1 e5 25. Nf2 Bxg2+ 26. Kxg2 Rc8 27.
Qf3 Qc6 28. Ne4 Qxc2+ 29. Kh3 Qc6 30. g5 Qe6+ 31. Kh4 Kg7 32. Nf6 Rc2 33. Ng4
Qc6 34. Qd1 Qg2 35. Qe1 Qd5 36. Qd1 Rxa2 37. Qc1 Ra1 0-1

[Event "OLNN 1718 Hamburger SK III - SK Marmsto"]
[Site "?"]
[Date "2018.02.04"]
[Round "6.6"]
[White "Malkiel, Daniel"]
[Black "Peschke, Matthias"]
[Result "0-1"]
[WhiteElo "2152"]
[BlackElo "1982"]
[PlyCount "32"]
[EventDate "2018.??.??"]

1. d4 Nf6 2. c4 c5 3. d5 e6 4. Nc3 exd5 5. cxd5 d6 6. Nf3 g6 7. Bf4 Bg7 8. Qa4+
Qd7 9. Bxd6 Qxa4 10. Nxa4 Nxd5 11. Bxc5 Bd7 12. O-O-O Bxa4 13. Rxd5 Na6 14. Ba3
Rc8+ 15. Kb1 Bc2+ 16. Ka1 Bd3 0-1

[Event "OLNN 1718 Hamburger SK III - SK Marmsto"]
[Site "?"]
[Date "2018.02.04"]
[Round "6.7"]
[White "Herlan, Klaus-Juergen"]
[Black "Pajeken, Jakob Leon"]
[Result "1/2-1/2"]
[WhiteElo "1954"]
[BlackElo "2137"]
[PlyCount "106"]
[EventDate "2018.??.??"]

1. d4 d5 2. Nf3 Bf5 3. c4 e6 4. Nc3 Nc6 5. a3 Nf6 6. Bg5 Be7 7. e3 O-O 8. Rc1
a6 9. b4 h6 10. Bh4 Re8 11. Qb3 Bg4 12. Be2 dxc4 13. Qxc4 a5 14. b5 Na7 15. a4
Nc8 16. O-O Nb6 17. Qa2 Nfd5 18. Bg3 Bd6 19. Ne5 Nxc3 20. Rxc3 Bxe2 21. Qxe2
Nxa4 22. Rc2 Qe7 23. Qf3 Ra7 24. Rfc1 Nb6 25. Bh4 Qf8 26. Nd3 Rea8 27. Nc5 Nd5
28. e4 Nb4 29. Rc4 Bxc5 30. Rxc5 c6 31. g4 b6 32. Re5 cxb5 33. Rxb5 Rb7 34. g5
Qe8 35. Rxb4 hxg5 36. Rbc4 gxh4 37. e5 Rab8 38. Qh5 b5 39. R4c3 Qd8 40. Rh3 g6
41. Qg4 Rd7 42. Rxh4 Rxd4 43. Qxd4 Qg5+ 44. Qg4 Qxc1+ 45. Kg2 Qc6+ 46. f3 Qc2+
47. Kg3 Qc3 48. Qf4 Qe1+ 49. Kh3 Qb1 50. Qh6 Qf1+ 51. Kg3 Qg1+ 52. Kh3 Qf1+ 53.
Kg3 Qg1+ 1/2-1/2

[Event "OLNN 1718 SK Marmstorf - Schachfreunde"]
[Site "?"]
[Date "2018.02.25"]
[Round "7.1"]
[White "Bokelbrink, Uwe"]
[Black "Hebbinghaus, Holger"]
[Result "1-0"]
[WhiteElo "2284"]
[BlackElo "2256"]
[PlyCount "75"]
[EventDate "2018.??.??"]

1. e4 Nf6 2. e5 Nd5 3. d4 d6 4. Nf3 dxe5 5. Nxe5 c6 6. c4 Nb4 7. Na3 Bf5 8. Be2
e6 9. O-O Nd7 10. Nf3 Be7 11. Be3 O-O 12. Qb3 a5 13. Rfc1 Qb8 14. Nb1 c5 15. a3
Nc6 16. d5 Nce5 17. Nxe5 Qxe5 18. Nc3 Nf6 19. Re1 exd5 20. cxd5 a4 21. Qc4 b5
22. Bf4 bxc4 23. Bxe5 Bd3 24. Bf3 Ra6 25. Bf4 Bd6 26. Bxd6 Rxd6 27. Re7 g5 28.
g4 Ra8 29. Rae1 Kf8 30. Rb7 Rd7 31. Rb6 Kg7 32. Rb5 h5 33. h3 hxg4 34. hxg4 Rh8
35. Re5 Rh4 36. Rb6 Nh7 37. Nxa4 f6 38. Re3 1-0

[Event "OLNN 1718 SK Marmstorf - Schachfreunde"]
[Site "?"]
[Date "2018.02.25"]
[Round "7.2"]
[White "Hawellek, Jeronimo"]
[Black "Hermesmann, Hans"]
[Result "1-0"]
[WhiteElo "2284"]
[BlackElo "2242"]
[PlyCount "81"]
[EventDate "2018.??.??"]

1. d4 Nf6 2. c4 e6 3. Nf3 c5 4. d5 b5 5. Bg5 exd5 6. cxd5 d6 7. e4 a6 8. Qc2
Be7 9. Bf4 O-O 10. Be2 Bg4 11. a4 Qa5+ 12. Nc3 b4 13. Nd1 Re8 14. Ne3 Bxf3 15.
Bxf3 Bf8 16. O-O Nbd7 17. Nc4 Qc7 18. a5 h6 19. h3 Ne5 20. Bxe5 dxe5 21. Rfd1
Bd6 22. Rac1 Rac8 23. Be2 Red8 24. b3 Qe7 25. g3 Rc7 26. Qd3 Nd7 27. Bg4 Nf6
28. Be2 g6 29. Rc2 h5 30. h4 Kg7 31. Rdc1 Nh7 32. Qe3 Rdc8 33. Bf1 f5 34. exf5
gxf5 35. Bh3 Kg6 36. Qe2 Nf6 37. Ne3 Ng4 38. Nxf5 Kxf5 39. f3 e4 40. fxg4+ Ke5
41. Rc4 1-0

[Event "OLNN 1718 SK Marmstorf - Schachfreunde"]
[Site "?"]
[Date "2018.02.25"]
[Round "7.3"]
[White "Kluenger, Marc"]
[Black "Mueller, Tobias"]
[Result "1/2-1/2"]
[WhiteElo "2198"]
[BlackElo "2110"]
[PlyCount "93"]
[EventDate "2018.??.??"]

1. Nf3 Nf6 2. c4 g6 3. Nc3 Bg7 4. g3 d6 5. Bg2 O-O 6. O-O c5 7. a3 Nc6 8. Rb1
a5 9. d3 Ne8 10. Bd2 f5 11. Qc1 e5 12. Nd5 Rb8 13. b4 axb4 14. axb4 Nxb4 15.
Nxb4 cxb4 16. Bxb4 Kh8 17. Bc3 Nc7 18. c5 Nd5 19. Ba1 Be6 20. cxd6 Qxd6 21. Qb2
Ra8 22. Qxe5 Bxe5 23. Bxe5+ Qxe5 24. Nxe5 Nc3 25. Rb2 Ra2 26. Rxa2 Bxa2 27. e3
b5 28. Nc6 Ra8 29. Bf3 Ra4 30. Rc1 Bd5 31. Kg2 Na2 32. Rc5 Bxf3+ 33. Kxf3 b4
34. Rb5 Ra3 35. d4 Nc3 36. Rb8+ Kg7 37. Nxb4 Ne4 38. Rc8 Rb3 39. Nc2 Rd3 40.
Kf4 Nxf2 41. h4 Ng4 42. e4 Rd2 43. exf5 gxf5 44. Rc7+ Kf6 45. Rc6+ Kg7 46. Rc7+
Kf6 47. Rc6+ 1/2-1/2

[Event "OLNN 1718 SK Marmstorf - Schachfreunde"]
[Site "?"]
[Date "2018.02.25"]
[Round "7.4"]
[White "Ramme, Christoph"]
[Black "Zimmermann, Martin"]
[Result "1/2-1/2"]
[WhiteElo "2160"]
[BlackElo "2137"]
[PlyCount "147"]
[EventDate "2018.??.??"]

1. d4 d5 2. Nf3 Nf6 3. c4 e6 4. g3 Be7 5. Bg2 O-O 6. O-O c6 7. Nc3 Nbd7 8. Qd3
Re8 9. e4 dxe4 10. Nxe4 Nxe4 11. Qxe4 Nf6 12. Qe3 Qa5 13. Bd2 Bb4 14. Bxb4 Qxb4
15. Qb3 Qd6 16. c5 Qc7 17. Ne5 Re7 18. Rfe1 Bd7 19. Qf3 Rd8 20. Qa3 a6 21. Rad1
Bc8 22. b4 Ne8 23. Qb2 Qb8 24. Be4 Nf6 25. Bg2 Bd7 26. Qd2 Be8 27. Qb2 Qc7 28.
Nc4 Bd7 29. a3 Bc8 30. Ne5 Bd7 31. a4 Be8 32. Bf3 Ra8 33. Re3 Rd8 34. Rb3 Nd5
35. Be4 Nf6 36. Bc2 Nd5 37. Qb1 Nf6 38. Qc1 Nd5 39. Qd2 f6 40. Nc4 Bf7 41. Nd6
Kh8 42. b5 axb5 43. axb5 cxb5 44. Be4 Be8 45. Bxd5 exd5 46. Re1 Rxe1+ 47. Qxe1
Bg6 48. Rxb5 Rb8 49. Qe6 h6 50. Rb6 Kh7 51. Kg2 Rd8 52. Qe3 Rb8 53. Qb3 Qe7 54.
Rxb7 Rxb7 55. Qxb7 Qe6 56. Qb3 Be4+ 57. Kg1 Bg6 58. Qe3 Qd7 59. Kg2 Kh8 60. Qe2
Qa4 61. Qg4 Kh7 62. h4 h5 63. Qf4 Qd7 64. Qe3 Kh8 65. f4 Kh7 66. Qf2 Be4+ 67.
Kh2 Qa4 68. Qe2 Qxd4 69. c6 Bd3 70. Qxh5+ Kg8 71. Qe8+ Kh7 72. Qh5+ Kg8 73.
Qe8+ Kh7 74. Qh5+ 1/2-1/2